000 00329nam a22001217a 4500
999 _c66755
_d66752
082 _aR/3ME17
100 _aMuhammad Iqbal
_a17ME36
245 _aDevelopment of Aluminum Based Material To Improve Properties
260 _aNawabshah
_bQUEST
_c2020
300 _a55
700 _aDepartment of Mechanical Engineering
942 _cTHESIS